J.J. Pizzuto's fabric science swatch kit / (Record no. 167761)

MARC details
000 -LEADER
fixed length control field 00900cam a2200265 i 4500
008 - FIXED-LENGTH DATA ELEMENTS--GENERAL INFORMATION
fixed length control field
020 ## - INTERNATIONAL STANDARD BOOK NUMBER
International Standard Book Number 9781628926576 (looseleaf : alk. paper)
049 ## - LOCAL HOLDINGS (OCLC)
Holding library MAIN
090 ## - LOCALLY ASSIGNED LC-TYPE CALL NUMBER (OCLC); LOCAL CALL NUMBER (RLIN)
Classification number (OCLC) (R) ; Classification number, CALL (RLIN) (NR) REF TS1765
Local cutter number (OCLC) ; Book number/undivided call number, CALL (RLIN) JOH
003 - CONTROL NUMBER IDENTIFIER
control field
005 - DATE AND TIME OF LATEST TRANSACTION
control field 20230123141114.0
040 ## - CATALOGING SOURCE
Transcribing agency NUST
100 1# - MAIN ENTRY--PERSONAL NAME
Personal name Johnson, Ingrid.
245 10 - TITLE STATEMENT
Title J.J. Pizzuto's fabric science swatch kit /
Statement of responsibility, etc. Ingrid Johnson , Allen C Cohen and Ajoy K. Sarkar.
250 ## - EDITION STATEMENT
Edition statement 11th ed.
260 ## - PUBLICATION, DISTRIBUTION, ETC.
Place of publication, distribution, etc. New York :
Name of publisher, distributor, etc. Fairchild Books, an imprint of Bloomsbury,
Date of publication, distribution, etc. 2016.
300 ## - PHYSICAL DESCRIPTION
Extent 1 volume (unnumbered p.) ;
Dimensions 30 cm.
650 #0 - SUBJECT ADDED ENTRY--TOPICAL TERM
Topical term or geographic name entry element Textile fabrics.
650 #0 - SUBJECT ADDED ENTRY--TOPICAL TERM
Topical term or geographic name entry element Textile industry.
700 1# - ADDED ENTRY--PERSONAL NAME
Personal name Sarkar , Ajoy K.
700 1# - ADDED ENTRY--PERSONAL NAME
Personal name Cohen, Allen C.
Titles and other words associated with a name (Writer on textile industry).
700 1# - ADDED ENTRY--PERSONAL NAME
Personal name Pizzuto, Joseph J.
Fuller form of name (Joseph James).
Title of a work Fabric science.
907 ## - LOCAL DATA ELEMENT G, LDG (RLIN)
a .b10391447
b 03-09-18
c 30-08-18
942 ## - ADDED ENTRY ELEMENTS (KOHA)
Koha item type Ordinary Loan Books
Call number prefix REF TS1765
Call number suffix JOH
Holdings
Date last seen Total Checkouts Full call number Barcode Cost, replacement price Price effective from Koha item type Lost status Source of classification or shelving scheme Damaged status Not for loan Collection Withdrawn status Home library Current library Shelving location Date acquired Cost, normal purchase price
01/23/2023   REF TS1765 JOH 92004044768 80.00 01/23/2023 BOOKS   LCC     NFIC   MAIN MAIN GEN 01/23/2023 80.00